000 00808nam a22002177a 4500
005 20151126145535.0
010 _a ENG-114181
020 _a9788179860892
_c495.00
035 _aEN-97713
037 _aDBAD/PUB
082 _a320.954
100 _aSharma, T.R.
245 _aThe concept of equity in Sukraniti and Arthasastra :
_cby T.R. Sharma
_ba comparative study /
260 _aShimla
_bIndian Institute of Advanced Study
_c2011
270 _aRashtrapati Nivas,
_bShimla
_e171005
300 _axii,212p.
_c22cm(Hb)
500 _aIncludes bibliographical references and indexes
520 _aStudy based on Śukranītī of Śukra and Arthaśāstra of Kauṭalya, works on ancient India polity.
710 _a Indian Institute of Advanced Study.
942 _2ddc
_cEN
_mSHA
_h320.954
999 _c97546
_d97546